| 000 | 00594nam a2200145Ia 4500 | ||
|---|---|---|---|
| 008 | 170221s9999 xx 000 0 und d | ||
| 100 | _aMuhammad Nadhar, Amiruddin Tawe | ||
| 245 | 4 | _aThe Effect of Work Motivation and Entrepreneurship Orientation on Business Performance through Entrepreneurial Commitments of Coffee Shops in Makassar | |
| 245 | _cMuhammad Nadhar, Amiruddin Tawe, Dian Anggraece Parawansa | ||
| 260 | _bInternational Review of Management and Marketing | ||
| 260 | _c2017 | ||
| 300 | _a7 : 1 | ||
| 650 | _xMarketing. | ||
| 856 | _uhttp://www.econjournals.com/index.php/irmm | ||
| 999 |
_c308048 _d308048 |
||